000 00312nam a22001337a 4500
008 181102b xxu||||| |||| 00| 0 eng d
020 _a0932090141
041 _aeng
080 _a612.39
100 _a10
101 _aNUT
245 _aVitamins & Minerals: The Health Connection
_cLines,A.A
942 _2udc
_cBK
999 _c51676
_d51676